000 00522 a2200157 4500
999 _c63
_d63
008 190917b ||||| |||| 00| 0 eng d
020 _a8174505377
082 0 0 _a321.8
_bN3373
110 _94922
_aNational Council of Educational Research and Training (NCERT)
245 _aDemocratic politics-I: textbook in political science for Class IX /
250 _a1st ed.
260 _aNew Delhi:
_bNational Council of Educational Research and Training,
_c2018.
300 _a112 p.
650 0 _aPolitical Science
942 _2ddc
_cBK